| 000 | 00850nam a2200229 a 4500 | ||
|---|---|---|---|
| 005 | 20141209143152.0 | ||
| 008 | 140127b2006 ck ||||| |||| 00| 0 spa d | ||
| 040 |
_aCO-BoIH _cCO-BoIH |
||
| 041 | _aspa | ||
| 044 | _ack | ||
| 090 |
_aIAVH _b00583 |
||
| 110 | 2 |
_bFundación Pangea _91305 |
|
| 245 | 1 | 0 | _aTransferencia e implementación de la estrategia de conservación en paisajes rurales en Cuenca Cane Iguaque (Boyacá) y en Carmen de Carupa (Cundinamarca) |
| 260 |
_aBogotá : _bFundación Pangea, _bInstituto Alexander von Humboldt, _c2006. |
||
| 300 |
_a37 p. _c28 cm. |
||
| 650 | 0 | 4 |
_aEstrategias de conservación _xtransferencia _929963 |
| 650 | 0 | 4 |
_aConservación en paisajes rurales _94479 |
| 651 |
_aBoyacá _zCuenca Cane Iguaque _929964 |
||
| 651 |
_aCundinamarca _zCarmen de Carupa _929965 |
||
| 942 |
_2z _cINFORME |
||
| 945 | _d2007-05-04 | ||
| 999 |
_c5488 _d5488 |
||